| 000 | 006070000a22001810004500 | ||
|---|---|---|---|
| 003 | MACL | ||
| 005 | 20160508152354.0 | ||
| 008 | 160508b xxu||||| |||| 00| 0 eng d | ||
| 040 |
_aMACL _cMACL |
||
| 041 | _aHindi | ||
| 082 | _a328 | ||
| 100 |
_aभारदाज, आर. सी _955721 |
||
| 245 |
_aभारत के संविधान में संशोधन _cआर. सी. भारदाज |
||
| 260 |
_bनार्दर्न बुक सेंटर _c1995 _aनई दिल्ली |
||
| 350 | _a1200 | ||
| 650 |
_aLegislative Process _955722 |
||
| 942 |
_cHIN _k328 _2ddc |
||
| 999 |
_c12370 _d12370 |
||